El regionalismo : (Record no. 36529)

MARC details
000 -LEADER
campo de control de longitud fija 01078nam a2200277 i 4500
001 - NÚMERO DE CONTROL
campo de control 36529
003 - IDENTIFICADOR DE NÚMERO DE CONTROL
campo de control ES-MaACL
005 - FECHA Y HORA DE LA ÚLTIMA TRANSACCIÓN
campo de control 20250902063051.0
007 - CAMPO FIJO DE DESCRIPCIÓN FÍSICA--INFORMACIÓN GENERAL
campo de control de longitud fija t|
008 - DATOS DE LONGITUD FIJA--INFORMACIÓN GENERAL
campo de control de longitud fija 030218s1889 sp ||||1| spa d
080 ## - NÚMERO DE LA CLASIFICACIÓN DECIMAL UNIVERSAL
Número de la Clasificación Decimal Universal 323.174
080 ## - NÚMERO DE LA CLASIFICACIÓN DECIMAL UNIVERSAL
Número de la Clasificación Decimal Universal 323.174(460.11)
100 1# - ENTRADA PRINCIPAL--NOMBRE DE PERSONA
Nombre de persona Brañas, Alfredo,
Fechas asociadas al nombre 1859-1900
9 (RLIN) 31373
245 13 - MENCIÓN DEL TÍTULO
Título El regionalismo :
Resto del título estudio sociólogo, histórico y literario /
Mención de responsabilidad, etc. por Alfredo Brañas ; precedido de un prólogo escrito por Juan Barcia Caballero.
260 ## - PUBLICACIÓN, DISTRIBUCIÓN, ETC.
Lugar de publicación, distribución, etc. Barcelona :
Nombre del editor, distribuidor, etc. Jaime Molinas,
Fecha de publicación, distribución, etc. 1889 (
Fabricante Tip. de J. Sebastiá Vila)
300 ## - DESCRIPCIÓN FÍSICA
Extensión 359 p. ;
Dimensiones 20 cm.
505 8# - NOTA DE CONTENIDO CON FORMATO
Nota de contenido con formato Contiene: La teoría regionalista ; Proceso histórico del regionalismo ; El regionalismo gallego
530 ## - NOTA DISPONIBLE DE FORMULARIO FÍSICO ADICIONAL
Nota de formato físico adicional disponible Disponible en formato digital.
650 #4 - PUNTO DE ACCESO ADICIONAL DE MATERIA--TÉRMINO DE MATERIA
Término de materia o nombre geográfico como elemento de entrada Regionalismo.
9 (RLIN) 16746
650 #4 - PUNTO DE ACCESO ADICIONAL DE MATERIA--TÉRMINO DE MATERIA
Término de materia o nombre geográfico como elemento de entrada Regionalismo-
Subdivisión geográfica Galicia.
9 (RLIN) 16753
700 1# - ENTRADA AGREGADA--NOMBRE PERSONAL
Nombre de persona Barcía Caballero, Juan.
9 (RLIN) 25544
852 ## - LOCALIZACIÓN
Ubicación ES-MaACL
Número de control de estantería G-8957
852 ## - LOCALIZACIÓN
Ubicación ES-MaACL
Número de control de estantería D-605
856 ## - LOCALIZACIÓN Y ACCESO ELECTRÓNICOS
Identificador Uniforme de Recursos <a href="http://bdh-rd.bne.es/viewer.vm?id=0000057062&page=1 ">http://bdh-rd.bne.es/viewer.vm?id=0000057062&page=1 </a>
Nota pública Biblioteca Digital Hispánica
Holdings
Estatus retirado Estado de pérdida Estado de daño No para préstamo Colección Biblioteca de origen Biblioteca actual Ubicación en estantería Fecha de adquisición Fuente de adquisición Total de préstamos Signatura topográfica completa Código de barras Visto por última vez Precio de reemplazo Tipo de ítem Koha
        Colección digital Biblioteca del Ateneo de Madrid Biblioteca del Ateneo de Madrid Sala Valle Inclán 17/01/2008     D-605 901038381 23/02/2023 23/02/2023 Libro impreso antiguo
        Colección digital Biblioteca del Ateneo de Madrid Biblioteca del Ateneo de Madrid Sala Pecera Planta 3 17/01/2008     G-8957 1038380 23/02/2023 23/02/2023 Libro impreso antiguo